| 000 | 00856nam a2200217 a 4500 | ||
|---|---|---|---|
| 003 | 0 | ||
| 005 | 20250423105409.0 | ||
| 008 | 970114s19uu xx 00 eng d | ||
| 050 |
_aPGS QB 46 _b.H884 2003 |
||
| 100 | _aHuddleston, Ronnie Clarence. | ||
| 245 |
_aPerception of grade six students of Southville International School on astronomy / _cRonnie Clarence Huddleston. |
||
| 260 |
_aLas PiƱas City, Philippines : _bSouthville International School and Colleges, _c2003. |
||
| 300 |
_a[approximately 22] pages : _billustrations ; _c28 cm. |
||
| 504 | _aIncludes bibliographical references. | ||
| 650 |
_aAstronomy _vStudy and teaching (Elementary) . |
||
| 650 |
_a Astronomy _vPublic opinion. |
||
| 650 |
_aStudents _vAttitudes . |
||
| 650 |
_aScience _vStudy and teaching (Elementary). |
||
| 650 | _aSixth grade (Education). | ||
| 942 |
_2lcc _cPASS |
||
| 999 |
_c96874 _d96874 |
||